Tables of Poisson distribution /
Guardado en:
| Autor Principal: | |
|---|---|
| Formato: | Libro |
| Idioma: | English |
| Publicado: |
Tokyo :
Baifukan,
1952.
|
| Etiquetas: |
Agregar Etiqueta
Sin Etiquetas, Sea el primero en etiquetar este registro!
|
| LEADER | 00437nam a22001455a 4500 | ||
|---|---|---|---|
| 001 | MAT.inmabb000768 | ||
| 008 | 031119s1952####ja############001#0#eng#d | ||
| 005 | 20170804151859.0 | ||
| 245 | 1 | 0 | |a Tables of Poisson distribution / |c by Tosio Kitagawa. |
| 260 | |a Tokyo : |b Baifukan, |c 1952. | ||
| 300 | |a 156 p. ; |c 26 cm. (en estuche) | ||
| 510 | 4 | |a MR, |c MR0060766 | |
| 100 | 1 | |a Kitagawa, Tosio. | |
| 084 | |a 62-XX |2 msc2000 | ||
| 859 | |h 62 |i K62 |p A-576 |b BIB. MATEMATICA | ||
